| Tag |
First Indicator |
Second Indicator |
Subfields |
| LEADER |
00000cjm a2200000Ia 4500 |
| 001 |
in00004550713 |
| 008 |
891111s1973 enksynn hi n zxx d |
| 007 |
sd bsmenn||||| |
| 005 |
20220201155617.8 |
| 035 |
|
|
|a (OCoLC)ocm20627197
|
| 035 |
|
|
|a (OCoLC)ocm20627197
|
| 040 |
|
|
|a JAM
|b eng
|c JAM
|d IUG
|d OCLCQ
|d OCLCG
|d OCLCQ
|d OCLCF
|d OCLCO
|d OCLCA
|d OCLCQ
|d NJR
|d OCLCO
|d OCL
|d ORU
|d OCLCQ
|d OCLCO
|
| 019 |
|
|
|a 221244684
|
| 028 |
0 |
2 |
|a ZRG 719
|b Argo
|
| 035 |
|
|
|a (OCoLC)20627197
|z (OCoLC)221244684
|
| 041 |
0 |
|
|g eng
|
| 048 |
|
|
|a oa
|
| 050 |
|
4 |
|a M1001.B58
|b P75
|
| 100 |
1 |
|
|a Bizet, Georges,
|d 1838-1875,
|e composer.
|
| 240 |
1 |
0 |
|a Symphonies,
|r C major
|
| 245 |
1 |
0 |
|a Symphony in C major /
|c Bizet. Classical symphony / Prokofiev.
|
| 246 |
3 |
|
|a Classical symphony
|
| 260 |
|
|
|a London :
|b Argo,
|c 1973.
|
| 300 |
|
|
|a 1 audio disc :
|b analog, 33 1/3 rpm, stereo ;
|c 12 in.
|
| 336 |
|
|
|a performed music
|b prm
|2 rdacontent
|
| 337 |
|
|
|a audio
|b s
|2 rdamedia
|
| 338 |
|
|
|a audio disc
|b sd
|2 rdacarrier
|
| 382 |
0 |
1 |
|a orchestra
|e 1
|t 1
|2 lcmpt
|
| 511 |
0 |
|
|a Academy of St. Martin-in-the-Fields ; Neville Marriner, conductor.
|
| 500 |
|
|
|a Program notes by Stephen Walsh on container.
|
| 650 |
|
0 |
|a Symphonies.
|
| 650 |
|
7 |
|a Symphonies.
|2 fast
|0 (OCoLC)fst01140873
|
| 655 |
|
7 |
|a Symphonies.
|2 lcgft
|
| 655 |
|
7 |
|a Symphonies.
|2 fast
|0 (OCoLC)fst01726504
|
| 700 |
1 |
|
|a Marriner, Neville.
|4 cnd
|
| 700 |
1 |
2 |
|a Prokofiev, Sergey,
|d 1891-1953.
|t Symphonies,
|n no. 1, op. 25,
|r D major.
|
| 710 |
2 |
|
|a Academy of St. Martin-in-the-Fields.
|4 prf
|
| 029 |
1 |
|
|a AU@
|b 000009128548
|
| 994 |
|
|
|a Z0
|b TXA
|
| 948 |
|
|
|h HELD BY TXA - 31 OTHER HOLDINGS
|
| 999 |
f |
f |
|s 4a528ff2-185e-4334-9491-92bc8184b6f7
|i 4a528ff2-185e-4334-9491-92bc8184b6f7
|t 0
|
| 952 |
f |
f |
|p ric
|a Texas A&M University
|b Rellis Campus
|c Joint Library Facility
|d Remote Storage
|t 0
|e LP-0391
|h Other scheme
|i audio -- audio disc
|m A14851286162
|
| 998 |
f |
f |
|a LP-0391
|t 0
|l Remote Storage
|